000 00465nam a2200181Ia 4500
001 57463
008 140320n ii |||gr||||Z||||||465
020 _a0-34-86015-4
082 _a294.3927
100 _aHumphreys,
_eChristmas.
245 0 _aTeach Yourself
_cChristmas Humphreys
_hTextual Documents
250 _aIst ed-1992.
260 _aLondon:
_bHolder Education.
300 _a176p:
_c20cm.
653 _aBuddhism
653 _aG-Religion
942 _2ddc
_cBK
999 _c57376
_d57376